[Event "Vanzaghello op 5th"]
[Site "Vanzaghello"]
[Date "2009.05.09"]
[Round "3"]
[White "Weiss, Nicolo"]
[Black "Agustoni, Alessandro"]
[Result "1-0"]
[WhiteElo "1560"]
[BlackElo "1506"]
[PlyCount "47"]
[EventDate "2009.05.08"]
[EventType "swiss"]
[EventRounds "5"]
[EventCountry "ITA"]
[SourceTitle "EXT 2011"]
[Source "ChessBase"]
[SourceDate "2010.11.26"]
[SourceVersion "1"]
[SourceVersionDate "2010.11.26"]
[SourceQuality "1"]

1. d4 e6 2. c4 f5 3. e3 Nf6 4. Nc3 d5 5. cxd5 exd5 6. Be2 c6 7. Nf3 Bd6 8. Qc2 0-0 9. Bd3 Ne4 10. Nd2 Na6 11. Bxa6 bxa6 12. Ncxe4 fxe4 13. Qxc6 Be6 14. Qxa6 Rc8 15. Nb3 Bb4+ 16. Bd2 Qf6 17. Qe2 Rc2 18. 0-0 Qh4 19. Qd1 Rxb2 20. g3 Qf6 21. Bxb4 Qxf2+ 22. Rxf2 Rfxf2 23. Bd2 Bh3 24. Kxf2 1-0

[Event "Vanzaghello op 5th"]
[Site "Vanzaghello"]
[Date "2009.05.08"]
[Round "1"]
[White "Carbone, Lorenzo"]
[Black "Weiss, Nicolo"]
[Result "1-0"]
[WhiteElo "1833"]
[BlackElo "1560"]
[PlyCount "89"]
[EventDate "2009.05.08"]
[EventType "swiss"]
[EventRounds "5"]
[EventCountry "ITA"]
[SourceTitle "EXT 2011"]
[Source "ChessBase"]
[SourceDate "2010.11.26"]
[SourceVersion "1"]
[SourceVersionDate "2010.11.26"]
[SourceQuality "1"]

1. e4 c6 2. c4 d5 3. exd5 cxd5 4. cxd5 Qxd5 5. Nc3 Qa5 6. Nf3 Nf6 7. Bc4 Bd7 8. 0-0 Nc6 9. Qb3 e6 10. d3 a6 11. Qxb7 Ra7 12. Qb3 Bd6 13. Be3 Ra8 14. a3 0-0 15. Ng5 Rab8 16. Qa2 Rfe8 17. Nce4 Nxe4 18. Nxe4 Bc7 19. Rac1 Qe5 20. f4 Qxb2 21. Qxb2 Rxb2 22. Rb1 Rxb1 23. Rxb1 Rb8 24. Rxb8+ Nxb8 25. Kf1 Bc8 26. g4 g6 27. h4 Nd7 28. g5 Kg7 29. Ke2 h6 30. Bd4+ e5 31. fxe5 Bxe5 32. Ke3 f6 33. gxf6+ Bxf6 34. Be6 Bxd4+ 35. Kxd4 Nb6 36. Bxc8 Nxc8 37. Nc5 Ne7 38. Ke5 h5 39. Ne6+ Kf7 40. Ng5+ Kg7 41. Nf3 Kf7 42. d4 Ke8 43. Kf6 Kf8 44. Ne5 Nf5 45. Nxg6+ 1-0